000 02380cab a2200265 ab4500
005 20221125122524.0
008 991125c2013 sp tr p o 000 0 spa d
035 _aUPN01000199389
040 _aMX-MxUPN
_bspa
_cMX-MxUPN
_eaacr2
049 _aART-E
100 _aMac Ruairc, Gerry
_947471
245 1 4 _aLas chicas en PISA y el marcado de casillas. Un examen de la perspectiva de los estudiantes sobre las pruebas PISA
_h[recurso electrónico en línea]
506 0 _aAcceso abierto
520 3 _aEl artículo se mueve desde el análisis a nivel macro a la perspectiva de los estudiantes en las pruebas PISA. Mientras que está empíricamente bien establecido el alto nivel de correlación entre el nivel educativo y el nivel socioeconómico de los estudiantes, en este estudio el autor pretende analizar cómo los estudiantes socio-económicamente desfavorecidos reaccionan a las pruebas y participan en el proceso. Para ello, es importante tener en cuenta los puntos de vista de los propios estudiantes. Al examinar los puntos de vista de los estudiantes en las pruebas de PISA en un estudio de caso, el autor ofrece una visión de cómo un grupo de chicas de clase trabajadora, procedente de una escuela de un área urbana desfavorecida, experimentó en la evaluación PISA (2009) en la República de Irlanda. El análisis temático de las entrevistas y las transcripciones a los grupos focales revelaron dos cuestiones: para la mayoría de los estudiantes, pero especialmente para aquellos con necesidades educativas especiales, se sintieron estresados por el contenido y la dificultad de los ítems; por su parte, los estudiantes se limitaban simplemente a los requisitos exigidos de completar la prueba en el tiempo establecido, con sus implicaciones para su validez. Se concluye con la necesidad de un enfoque más proactivo de apoyo a los estudiantes y un modelo más matizado de la evaluación en las futuras pruebas de PISA para tener en cuenta las diferencias de clase social.
653 0 _aPISA
653 0 _aEVALUACION DEL ESTUDIANTE
653 0 _aESTRATIFICACION SOCIAL
653 0 _aANALISIS CRITICO
653 0 _aPERCEPCION DEL ESTUDIANTE
773 _gVol. 17, no. 2 (2013), p. 77-90
_tProfesorado
856 4 _uhttp://www.ugr.es/~recfpro/rev172ART5.pdf
902 _aLeonor Sotres
_bLeonor Sotres/251122/M
905 _aArticulo
942 _cART-E
999 _c171490
_d171490